00893cam a22002411 4500001001300000003000400013005001700017008004100034010001700075035001800092040002600110050001600136100005300152245009400205260004800299300003200347500008100379504005100460650004900511650002700560710004700587999001700634l 28000122 DLC20260227111531.0711222s1928 enk 000 0 eng  al 28000122  a(OCoLC)186155 aDLCcOClWdOCoLCdDLC00aHD5650b.J81 aGuillebaud, C. W.q(Claude William),d1890-1971.14aThe works council,ba German experiment in industrial democracy,cby C. W. Guillebaud ... aCambridge,bAt the University press,c1928. aviii, [1], 305, [1] p.ccm. a"Appendix I. Act to establish works councils, February 4, 1920": p. 249-272. a"Bibliography of works consulted": p. 294-296. 0aManagementzGermanyxEmployee participation. 0aLabor unionszGermany.1 aGermany (1918- ).kLaws, statutes, etc. c35904d35904